000 00359pab a2200133 454500
008 180718b xxu||||| |||| 00| 0 eng d
100 _aRamachandran B.
245 _aEconomic restructuring in India
362 _a8(86), Apr 1994, p.34-37
650 _a India -- Economic Policy
650 _aIndia -- Economic Policy
773 _aThird Concept
909 _a26809
999 _c26809
_d26809